County Seats Of Maryland - Statistics

General Stats
  • This quiz has been taken 36 times
  • The average score is 14 of 24
Answer Stats
County Seat % Correct
Anne Arundel Annapolis
95%
(Independent City) Baltimore
90%
_________ Frederick
86%
Washington Hagerstown
81%
Allegany Cumberland
76%
Montgomery Rockville
76%
_________ Towson (Baltimore County)
76%
Wicomico Salisbury
67%
Howard Ellicott City
62%
Harford Bel Air
57%
Dorchester Cambridge
57%
Talbot Easton
57%
Worcester Snow Hill
52%
Carroll Westminster
52%
Caroline Denton
48%
Charles La Plata
48%
Garrett Oakland
48%
Cecil Elkton
43%
Prince George's Upper Marlboro
38%
Kent Chestertown
33%
Calvert Prince Frederick
33%
Queen Anne's Centreville
29%
St. Mary's Leonardtown
29%
Somerset Princess Anne
29%
No matching quizzes found
Score Distribution
Percent of People with Each Score
Percentile by Number Answered
Your Score History
You have not taken this quiz